| 000 | 00797cab a2200253 4500 | ||
|---|---|---|---|
| 001 | ABS59296 | ||
| 008 | 090401t1998 xxu||||| |||| 00| 0 eng d | ||
| 035 | _a(Sirsi) u88626 | ||
| 041 | _aeng | ||
| 100 | _aHirst, C. | ||
| 245 | _aEU`s contaminated land plans could lay UK efforts to waste | ||
| 260 | _c1998 | ||
| 350 | _a0 | ||
| 490 |
_aProperty Week _v63(20) 11 September 1998, 8(1) |
||
| 520 | _aExamines how EC legislation to ensure that contaminated land is cleaned up to a high standard may deter developers from building on brownfield sites. | ||
| 650 | _aBROWNFIELD SITES | ||
| 650 | _aCONTAMINATED LAND | ||
| 650 | _aDEVELOPERS | ||
| 650 | _aEC LEGISLATION | ||
| 650 | _aREMEDIATION | ||
| 690 | _aENVIRONMENTAL AND LAND CONSULTANCY | ||
| 942 | _n0 | ||
| 948 | _c24/09/1998 | ||
| 999 |
_c56026 _d56026 |
||